Представление документа в формате MARC21

Поле Инд. ПП Название Значение
Тип записи a
Библиографический уровень m
001 Контрольный номер 004584950
005 Дата корректировки 20260514094108.6
008 Кодируемые данные 100226s2010 y zzzz 000 1 rusdu
020 a ISBN 978-5-7567-0565-2
040 a Служба первич. каталог. НБ ТвГУ
d Организация, изменившая запись RuMo
e Правила каталог. rcr
041 0_ a Код языка текста rus
080 a Индекс УДК 316.77
080 a Индекс УДК 070(470)
084 a Индекс другой классификации/Индекс ББК С524.224.5
084 a Индекс другой классификации/Индекс ББК Ч604(2Рос)
090 a Полочн. индекс С524.2
x Авторский знак С 50
245 10 a Заглавие СМИ в меняющейся России
b Продолж. заглавия коллективная монография
c Ответственность под ред. Е. Л. Вартановой ; Моск. гос. ун-т им. М. В. Ломоносова, Фак. журналистики
260 a Место издания Москва
b Издательство Аспект Пресс
c Дата издания 2010
300 a Объем 335, [1] с.
b Иллюстрации/ тип воспроизводства ил., табл.
c Размеры 20 см
500 a Примечание Авт. указаны на обороте тит. л.
504 a Библиография Библиогр. в примеч. в конце ст.
520 0_ a Аннотация За последние два десятилетия российские СМИ и журналистика прошли значительный путь трансформации. Она проходила в контексте масштабных социальных и экономических изменений в России и сама имела комплексный, многоуровневый характер. В монографии, подготовленной коллективом участников совместного российско-финского научно-исследовательского проекта "СМИ в меняющейся России" (РГНФ-АФ проект № 06-04-91922 a/F), рассмотрены современные аспекты взаимодействия и взаимовлияния СМИ и рынка, СМИ и общества, СМИ и политики. Коллектив исследователей и преподавателей факультета журналистики МГУ имени М.В.Ломоносова анализирует российские СМИ и журналистику в контексте социальных изменений, выделяя основные движущие силы переходного периода в области экономики СМИ, поведения и информационных потребностей аудитории, медиазапросов молодежи, в политике. Книга адресована всем, кто интересуется российскими СМИ и журналистикой, политической историей, трансформацией экономики и самого российского общества.
653 0_ a Ключевые слова Аудитория СМИ
a Ключевые слова Деловая пресса
a Ключевые слова Демократизация
a Ключевые слова Журналистика
a Ключевые слова Медиарынок
a Ключевые слова Политический дискурс
a Ключевые слова Российская Федерация
a Ключевые слова Российские СМИ
a Ключевые слова Россия
a Ключевые слова СМИ
a Ключевые слова Социальные изменения
a Ключевые слова Социологические исследования
a Ключевые слова Социология средств коммуникации
a Ключевые слова Средства массовой информации
a Ключевые слова Субкультурные сообщества
a Ключевые слова Трансформация СМИ
a Ключевые слова Экономика СМИ
700 1_ a Другие авторы Аникина Мария Евгеньевна
q Полное имя Аникина, М. Е.
700 1_ a Другие авторы Блинова Марианна Владимировна
q Полное имя Блинова, М, В.
700 1_ a Другие авторы Вартанова Елена Леонидовна
q Полное имя Вартанова, Е. Л.
700 1_ a Другие авторы Воинова Екатерина Андреевна
q Полное имя Воинова, Е. А.
852 41 i Расстановочный признак Проверка 2026
901 t Тип документа m
920 a Оператор Стру
a Оператор Поля
952 c Вид литературы К рн
954 a Дата поступления на обработку 20100618